Dron pre rojové lety
Salvato in:
| Autore principale: | |
|---|---|
| Altri autori: | |
| Natura: | Manoscritto Libro |
| Lingua: | slovacco |
| Pubblicazione: |
Bratislava :
STU v Bratislave FEI,
2021
|
| Soggetti: | |
| Accesso online: | https://opac.crzp.sk/?fn=detailBiblioForm&sid=38F43C5054BC4F7F2DB9CFF31F28&seo=CRZP-detail-kniha |
| Tags: |
Nessun Tag, puoi essere il primo ad aggiungerne!!
|
MARC
| LEADER | 00000ntm a22000003a 4500 | ||
|---|---|---|---|
| 001 | stuzp82531 | ||
| 003 | SK-STU | ||
| 005 | 20211108141709.1 | ||
| 007 | ta | ||
| 008 | 150427s2015----xo-----f-mn---000-0-slo-d | ||
| 040 | |a STU |b slo | ||
| 041 | 0 | |a slo | |
| 044 | |a xo | ||
| 100 | 1 | |a Molnár, Michal |u 031000 |4 aut |U FEI Fakulta elektrotechniky a informatiky |T FEI Ústav robotiky a kybernetiky |X 98352 |U E011 |Y 356 |7 98352 | |
| 242 | 0 | 1 | |a Drone for Swarm Flights |y eng |
| 245 | 1 | 0 | |a Dron pre rojové lety |
| 260 | |a Bratislava : |b STU v Bratislave FEI, |c 2021 | ||
| 300 | |a 59 s. | ||
| 650 | 4 | |a dron |2 slo | |
| 650 | 4 | |a sUAV |2 slo | |
| 650 | 4 | |a BeagleBone Blue |2 slo | |
| 650 | 4 | |a rojový let |2 slo | |
| 650 | 4 | |a Ardupilot |2 slo | |
| 650 | 4 | |a swarm flights |2 eng | |
| 650 | 4 | |a autonomous UAVs |2 eng | |
| 650 | 4 | |a drone |2 eng | |
| 650 | 4 | |a sUAV |2 eng | |
| 650 | 4 | |a BeagleBone Blue |2 eng | |
| 650 | 4 | |a Ardupilot |2 eng | |
| 700 | 1 | |a Rodina, Jozef |u 031000 |k Z1 |4 ths |U FEI Fakulta elektrotechniky a informatiky |T FEI Ústav robotiky a kybernetiky |X 11924 |U E011 |Y 356 |7 A000011924 | |
| 856 | 4 | |u https://opac.crzp.sk/?fn=detailBiblioForm&sid=38F43C5054BC4F7F2DB9CFF31F28&seo=CRZP-detail-kniha | |